000 00447cam a2200193ua 4500
001 3803
005 20260515113731.0
008 111221n ii |||gr||||Z||||||asm
040 _cMAIN
082 _a891.4513
100 _aBaruah, Bina,
245 1 1 _aJivanar batot
_cby Bina Baruah
250 _a7th.
260 _aGuwahati:
_bBina Library,986.
300 _a208p:
_c23cm.
653 _aAssamese novel
653 _aJivanar batot
942 _cBK
999 _c3625
_d3625